| 000 | 00488nam a22001457a 4500 | ||
|---|---|---|---|
| 082 | _a621.3 | ||
| 100 | _aMajeed, Abdul | ||
| 245 |
_aimplementation of Generalized Turbo Codec for Real Time Systems / _cAbdul Majeed. |
||
| 260 |
_aIslamabad : _bCEME - NUST, _c2013. |
||
| 300 |
_a52 p. : ill. ; _c30cm. |
||
| 650 |
_aElectrical Engineering - MS Theses. _926977 |
||
| 700 |
_aSup: Dr. Shoab Ahmed Khan. _934610 |
||
| 942 |
_2ddc _cTHE |
||
| 999 |
_c540573 _d540573 |
||